Key Thinking Epistemology (Record no. 42820)
[ view plain ]
| 000 -LEADER | |
|---|---|
| fixed length control field | 00289nam a2200121Ia 4500 |
| 008 - FIXED-LENGTH DATA ELEMENTS--GENERAL INFORMATION | |
| fixed length control field | 241028s9999 xx 000 0 und d |
| 041 ## - LANGUAGE CODE | |
| Language code of text/sound track or separate title | eng |
| 082 ## - DEWEY DECIMAL CLASSIFICATION NUMBER | |
| Classification number | 121 HET |
| 100 ## - MAIN ENTRY--PERSONAL NAME | |
| Personal name | Stephen |
| 245 ## - TITLE STATEMENT | |
| Title | Key Thinking Epistemology |
| 260 ## - PUBLICATION, DISTRIBUTION, ETC. | |
| Name of publisher, distributor, etc. | Continuum |
| Place of publication, distribution, etc. | London |
| Date of publication, distribution, etc. | 2012 |
| 300 ## - PHYSICAL DESCRIPTION | |
| Extent | 253;. P. 22 cm |
| Withdrawn status | Lost status | Damaged status | Not for loan | Home library | Current library | Shelving location | Date acquired | Cost, normal purchase price | Full call number | Barcode | Date last seen | Cost, replacement price | Price effective from | Koha item type |
|---|---|---|---|---|---|---|---|---|---|---|---|---|---|---|
| IMTN | IMTN | Rack 2-B | 07/03/2024 | 2202.00 | 121 HET | 33249 | 10/28/2024 | 19.99 | 10/28/2024 | Books |